00225nam a2200097Ia 4500008004100000041000800041100002200049245002800071650000900099999001900108230605s9999 xx 000 0 und d aeng aShadel / Thatcher aThe Power Of Acceptance aM.M. c417632d417632